Efecto de la inoculación en diferentes estados de desarrollo y en distintas variedades de soja con B. japonicum /

Guardado en:
Autor Principal: Cernuda, Iván.
Autor Corporativo: Universidad Nacional del Sur. Departamento de Agronomía.
Otros Autores: Sagardoy, Marcelo A., (tutor.)
Formato: Libro
Idioma:Spanish
Publicado: Bahía Blanca, 2009.
Etiquetas: Agregar Etiqueta
Sin Etiquetas, Sea el primero en etiquetar este registro!
LEADER 00737nam a22001695a 4500
001 EEA.libagro008151
005 20171011105802.0
008 130809s2009####ag#a##########000#0#spa#d
082 0 4 |a 633.34 
100 1 |a Cernuda, Iván. 
245 1 0 |a Efecto de la inoculación en diferentes estados de desarrollo y en distintas variedades de soja con B. japonicum /  |c Iván Cernuda. 
260 |a Bahía Blanca,  |c 2009. 
300 |a 46 h. :  |b il. ;  |c 30 cm. 
500 |a Trabajo de intensificación (Ingeniero Agrónomo) -- Universidad Nacional del Sur. Departamento de Agronomía, 2009. 
700 1 |a Sagardoy, Marcelo A.,  |e tutor. 
710 2 |a Universidad Nacional del Sur.  |b Departamento de Agronomía. 
859 |a AR-BbBCA  |b BIB. AGRONOMIA  |h 633.34  |i C419  |p 2009/5540